Francisco de Zurbarán, 1598-1664 (Record no. 5713)

MARC details
000 -CABECERA
campo de control de longitud fija 01038nam a2200265 a 4500
001 - NÚMERO DE CONTROL
campo de control BRCA_6025
005 - FECHA Y HORA DE LA ÚLTIMA TRANSACCIÓN
campo de control 20190320205313.0
008 - DATOS DE LONGITUD FIJA--INFORMACIÓN GENERAL
campo de control de longitud fija 180411s2010----sp-a######---#000-0#spa-#
020 ## - NÚMERO INTERNACIONAL ESTÁNDAR DEL LIBRO
Número Internacional Estándar del Libro 9788493726034 (v.2)
041 ## - CÓDIGO DE LENGUA
Código de lengua del texto/banda sonora o título independiente spa
044 ## - CÓDIGO DEL PAÍS DE LA ENTIDAD EDITORA/PRODUCTORA
Código MARC del país sp
050 #4 - SIGNATURA TOPOGRÁFICA DE LA BIBLIOTECA DEL CONGRESO
Número de clasificación ND813.Z9
Número de documento/Ítem .F73 2010
245 10 - MENCIÓN DE TÍTULO
Título Francisco de Zurbarán, 1598-1664
Resto del título los conjuntos y el obrador
Mención de responsabilidad, etc. con la colaboración de Almudena Ros de Barbero ; documentalistas Annie Champié, Céline Cordier ; prólogo de Enrique Valdivieso.
260 ## - PUBLICACIÓN, DISTRIBUCIÓN, ETC.
Lugar de publicación, distribución, etc. Madrid
Nombre del editor, distribuidor, etc. Fundación Arte Hispánico
Fecha de publicación, distribución, etc. 2010
300 ## - DESCRIPCIÓN FÍSICA
Extensión 519 p. (v.2)
Otras características físicas il. (algunas a color)
Dimensiones 31 cm.
Material acompañante/anejo 1 CD.
500 ## - NOTA GENERAL
Nota general Incluye índice de obras y lista de exposiciones
500 ## - NOTA GENERAL
Nota general Incluye piezas de la colección Franz Mayer: p. 84, 215 y 471
504 ## - NOTA DE BIBLIOGRAFÍA, ETC.
Nota de bibliografía, etc. Bibliografía: p. 480-509
600 14 - PUNTO DE ACCESO ADICIONAL DE MATERIA--NOMBRE DE PERSONA
Nombre de persona Zurbarán, Francisco de
Fechas asociadas al nombre 1598-1664
9 (RLIN) 13651
650 14 - PUNTO DE ACCESO ADICIONAL DE MATERIA--TÉRMINO DE MATERIA
Término de materia o nombre geográfico como elemento de entrada Pintores españoles
9 (RLIN) 7620
700 1# - PUNTO DE ACCESO ADICIONAL--NOMBRE DE PERSONA
Nombre de persona Ros de Barbero, Almudena
9 (RLIN) 15201
700 1# - PUNTO DE ACCESO ADICIONAL--NOMBRE DE PERSONA
Nombre de persona Champié, Annie
9 (RLIN) 15202
700 1# - PUNTO DE ACCESO ADICIONAL--NOMBRE DE PERSONA
Nombre de persona Cordier, Céline
9 (RLIN) 15203
942 ## - ELEMENTOS DE PUNTO DE ACCESO ADICIONAL (KOHA)
Fuente del sistema de clasificación o colocación Library of Congress Classification
Tipo de ítem Koha Libros
Holdings
Estado de retiro Estado de pérdida Estado dañado No para préstamo Localización permanente Ubicación/localización actual Fecha de adquisición Total de préstamos Signatura topográfica completa Código de barras Fecha visto por última vez Precio válido a partir de Tipo de ítem Koha
El ejemplar forma parte de la colección y puede ser consultado según las políticas vigentes.       Biblioteca del Museo Franz Mayer (Rogerio Casas-Alatriste) Biblioteca del Museo Franz Mayer (Rogerio Casas-Alatriste) 15/04/2011   ND813.Z9 .F73 2010 02570 22/03/2019 22/03/2019 Libros